| 000 | 00556nam a2200193 a 4500 | ||
|---|---|---|---|
| 001 | 2433 | ||
| 005 | 20140414131845.0 | ||
| 008 | 050601s19uu xx 00 eng d | ||
| 020 | _a971-590-133-6 | ||
| 050 |
_aM 220.9 _bD28 1997 |
||
| 100 | _aDavidson, Alice Joyce | ||
| 245 |
_aThe good Samaritan : _bthe story of / _cwritten by Alice Joyce. |
||
| 260 |
_aPasay City, Philippines : _bPaulines, _c1997. |
||
| 300 | _ap. : ill. ; cm. | ||
| 440 | _aAn Alice in Bibleland Storybook | ||
| 650 | _aBible stories. | ||
| 650 | _aParables. | ||
| 999 |
_c109890 _d109890 |
||